000 00307nam a22001217a 4500
008 230619b xxu||||| |||| 00| 0 eng d
020 _a0582647037
082 _a306.85
_bKAY
245 _aThe Sociology of the African Family
260 _aUSA
_bLongman Group Limited
_c1984
300 _a124p
942 _2ddc
_cBK
999 _c1409
_d1409